[Event "GER-ch U25 op-B"]
[Site "Willingen"]
[Date "2015.05.29"]
[Round "8"]
[White "Rose, Luis Stratos"]
[Black "Kose, Robert Paul"]
[Result "1/2-1/2"]
[WhiteElo "1546"]
[BlackElo "1453"]
[PlyCount "47"]
[EventDate "2015.05.24"]
[EventType "swiss"]
[EventRounds "9"]
[EventCountry "GER"]
[SourceTitle "CBM 166 Extra"]
[Source "ChessBase"]
[SourceDate "2015.06.18"]
[SourceVersion "1"]
[SourceVersionDate "2015.06.18"]
[SourceQuality "1"]

1. Nf3 d5 2. g3 Bf5 3. d3 Nf6 4. Bg2 e6 5. Nbd2 Be7 6. 0-0 c6 7. a3 a5 8. b3 Nbd7 9. Bb2 0-0 10. Qe1 h6 11. e4 dxe4 12. Nxe4 Nxe4 13. dxe4 Bh7 14. Rd1 Qc7 15. Qe2 Rfd8 16. Nd2 b5 17. f4 Nc5 18. f5 exf5 19. exf5 Re8 20. Qf3 Rac8 21. Bxg7 Kxg7 22. f6+ Kg8 23. fxe7 Qxe7 24. Qg4+ 1/2-1/2

[Event "GER-ch U25 op-B"]
[Site "Willingen"]
[Date "2015.05.24"]
[Round "1"]
[White "Kose, Robert Paul"]
[Black "Voltmer, Victor"]
[Result "1-0"]
[WhiteElo "1453"]
[BlackElo "1104"]
[PlyCount "91"]
[EventDate "2015.05.24"]
[EventType "swiss"]
[EventRounds "9"]
[EventCountry "GER"]
[SourceTitle "CBM 166 Extra"]
[Source "ChessBase"]
[SourceDate "2015.06.18"]
[SourceVersion "1"]
[SourceVersionDate "2015.06.18"]
[SourceQuality "1"]

1. e4 d6 2. d4 Nf6 3. Nc3 g6 4. h3 c6 5. Nf3 Bg7 6. Be2 Be6 7. Be3 b5 8. a3 Nbd7 9. Ng5 0-0 10. Nxe6 fxe6 11. Qd2 d5 12. e5 Ne8 13. h4 Nc7 14. Bh6 a5 15. Bxg7 Kxg7 16. h5 Rh8 17. Rh3 b4 18. Na4 Rb8 19. Rg3 bxa3 20. Raxa3 Rb4 21. hxg6 hxg6 22. Bd3 Nf8 23. Qg5 Qe8 24. Nc5 Rh6 25. Ke2 Rxd4 26. Rh3 Rxh3 27. gxh3 Rb4 28. Ra1 Qf7 29. Rg1 Qf4 30. Qxe7+ Qf7 31. Qg5 Rxb2 32. h4 Nh7 33. Qg3 Kh8 34. Bxg6 Qg7 35. h5 Nf8 36. Kd3 Nxg6 37. hxg6 Kg8 38. Qg5 Rb8 39. Qf6 Rf8 40. Qh4 Rf5 41. f4 Rf8 42. Qg4 Re8 43. Rh1 Re7 44. Rh7 Qf8 45. Qh5 Qxf4 46. Rh8+ 1-0

[Event "GER-ch U12"]
[Site "Magdeburg"]
[Date "2014.06.12"]
[Round "8"]
[White "Rapp, Lukas"]
[Black "Kose, Robert Paul"]
[Result "1-0"]
[WhiteElo "1216"]
[BlackElo "1267"]
[PlyCount "55"]
[EventDate "2014.06.08"]
[EventType "swiss"]
[EventRounds "11"]
[EventCountry "GER"]
[SourceTitle "CBM 160 Extra"]
[Source "ChessBase"]
[SourceDate "2014.07.01"]
[SourceVersion "1"]
[SourceVersionDate "2014.07.01"]
[SourceQuality "1"]

1. Nc3 Nc6 2. e4 e5 3. Bc4 Bc5 4. d3 d6 5. Nf3 Bg4 6. Be3 Bb6 7. h3 Bh5 8. g4 Bg6 9. Qd2 Qf6 10. Qe2 Qd8 11. 0-0-0 Nge7 12. Nd5 Nxd5 13. Bxd5 Qc8 14. Kb1 Ne7 15. Bc4 Bxe3 16. fxe3 a5 17. a4 Qd7 18. Bb5 c6 19. Bc4 b5 20. Bb3 c5 21. axb5 Qxb5 22. Rhe1 Rb8 23. d4 Qb7 24. dxe5 dxe5 25. Nxe5 f6 26. Ba4+ Kf8 27. Nd7+ Kf7 28. Qc4+ 1-0

[Event "GER-ch U12"]
[Site "Magdeburg"]
[Date "2014.06.08"]
[Round "2"]
[White "Fesselier, Chelsea"]
[Black "Kose, Robert Paul"]
[Result "0-1"]
[WhiteElo "1496"]
[BlackElo "1267"]
[PlyCount "92"]
[EventDate "2014.06.08"]
[EventType "swiss"]
[EventRounds "11"]
[EventCountry "GER"]
[SourceTitle "CBM 160 Extra"]
[Source "ChessBase"]
[SourceDate "2014.07.01"]
[SourceVersion "1"]
[SourceVersionDate "2014.07.01"]
[SourceQuality "1"]

1. e4 e6 2. d4 d5 3. Nd2 c5 4. Ngf3 Nc6 5. c3 Qb6 6. exd5 exd5 7. Nb3 c4 8. Nbd2 Nf6 9. Be2 Bd6 10. 0-0 Be6 11. Re1 0-0 12. Bf1 Rfe8 13. b3 cxb3 14. axb3 Re7 15. Bb2 Rae8 16. Qc2 a6 17. Bd3 h6 18. h3 Rc7 19. Qd1 Rce7 20. Nf1 Ne4 21. N3d2 Nxd2 22. Nxd2 Bf4 23. Nf3 Qc7 24. Qc2 Rc8 25. Qd1 Na5 26. Bc2 Bd6 27. Qd3 g6 28. Nh4 Kf8 29. Qf3 Kg7 30. Qd3 Kf8 31. Qf3 Kg7 32. Bd3 Nxb3 33. Rad1 Bh2+ 34. Kh1 Bd6 35. g4 Rce8 36. Ng2 Na5 37. h4 Qd7 38. g5 hxg5 39. hxg5 Rh8+ 40. Kg1 Kg8 41. Qf6 Bh3 42. Be2 Bxg2 43. Kxg2 Rxe2 44. Qf3 Rxb2 45. Qxd5 Rxf2+ 46. Kxf2 Bg3+ 0-1